Infancia : la fuerza de lo instituido. Mandamiento de secuestro y vulneración de derechos /

Con la intención de revisar nuestras prácticas cotidianas en la asistencia de niños llamó nuestra atención el uso habitual de un significante en particular: Secuestro. Dicha denominación es utilizada para solicitar una medida cautelar de protección al niño considerado "en riesgo" y aparece en los of...

Full description

Bibliographic Details
Main Author: Ferrari, Lucía H.
Other Authors: Isa, Fabiana A., Guasti, María S.
Format: Analitica de revista
Language:Spanish
Published: Montevideo, Uruguay EPPAL 2005
Subjects:

MARC

LEADER 00000cab a2200000 a 4500
001 047812
003 UAHC_CL
005 20170803125255.0
008 090820b2005 uy 000 spa
040 |a UAHC_CL  |c UAHC_CL  |d UAHC_CL 
100 1 |a Ferrari, Lucía H. 
245 1 0 |a Infancia :  |b la fuerza de lo instituido. Mandamiento de secuestro y vulneración de derechos /  |c Lucía H. Ferrari, María S. Guasti, Fabiana A. Isa. 
260 |b EPPAL  |c 2005  |a Montevideo, Uruguay 
300 |a p. 47-54 
500 |a En: Trabajo Social. Revista regional de trabajo social. Vol. XIX, no. 35, 2005. pp. 47-54. ISSN: 07970226. 
520 |a Con la intención de revisar nuestras prácticas cotidianas en la asistencia de niños llamó nuestra atención el uso habitual de un significante en particular: Secuestro. Dicha denominación es utilizada para solicitar una medida cautelar de protección al niño considerado "en riesgo" y aparece en los oficios que los juzgados nos remiten. El porqué llamó nuestra atención esta práctica extendida y naturalizada es algo que nos preguntamos y una de las respuestas posibles es que todos repetíamos este significante y nadie se había detenido a interrogarse sobre la denominación de esta práctica usual. 
520 |a Con la intención de revisar nuestras prácticas cotidianas en la asistencia de niños llamó nuestra atención el uso habitual de un significante en particular: Secuestro. Dicha denominación es utilizada para solicitar una medida cautelar de protección al niño considerado "en riesgo" y aparece en los oficios que los juzgados nos remiten. El porqué llamó nuestra atención esta práctica extendida y naturalizada es algo que nos preguntamos y una de las respuestas posibles es que todos repetíamos este significante y nadie se había detenido a interrogarse sobre la denominación de esta práctica usual. 
653 |a TRABAJO SOCIAL 
700 1 |a Isa, Fabiana A. 
700 1 |a Guasti, María S. 
700 1 |a Guasti, María S. 
759 |a PP175 
773 0 |t Tradición y saber : revista académica de la Universidad Bernardo O' Higgins  |w 047848 
900 |a TRAB. SOC. (MONTEV.)-35/05 
942 |c REVA 
952 |0 0  |1 0  |4 0  |6 TRAB___SOC__MONTEV_35_05_000000000000000  |7 0  |8 General  |9 86217  |a BC  |b BC  |c General  |d 2017-08-03  |l 0  |o TRAB. SOC. (MONTEV.)-35/05  |p FICTICIO7906  |r 2019-01-08 00:00:00  |t 1  |w 2017-08-03  |y REVA 
999 |c 47812  |d 47812